IAS v příkladech srovnání vybraných mezinárodních účetních standardů s českou účetní legislativou
Salvato in:
| Autore principale: | |
|---|---|
| Altri autori: | |
| Natura: | Libro |
| Lingua: | ceco |
| Pubblicazione: |
Praha
VOX
2003
|
| Serie: | Ekonomie
|
| Soggetti: | |
| Tags: |
Nessun Tag, puoi essere il primo ad aggiungerne!!
|
MARC
| LEADER | 00000nam$a2200000$$$4500 | ||
|---|---|---|---|
| 001 | 0022321 | ||
| 005 | 20240313133008.5 | ||
| 020 | |a 80-86324-33-8 | ||
| 041 | 0 | |a cze | |
| 044 | |a CZ | ||
| 245 | 1 | 0 | |a IAS v příkladech |b srovnání vybraných mezinárodních účetních standardů s českou účetní legislativou |c Lenka Krupová, Robert Mládek a kolektiv |
| 264 | 1 | |a Praha |b VOX |c 2003 | |
| 300 | |a 320 s. | ||
| 490 | 1 | |a Ekonomie | |
| 830 | 0 | |a Ekonomie | |
| 610 | 2 | 0 | |a štandardy účtovné medzinárodné |
| 610 | 2 | 0 | |a účtovníctvo |
| 610 | 2 | 0 | |a legislatíva |
| 610 | 2 | 0 | |a Česko |
| 100 | 1 | |a Krupová, Lenka | |
| 700 | 1 | |a Mládek, Robert | |